Najmniejsze Państwa Świata - Statystyki

Ogólne statystyki
  • Ten quiz został rozwiązany 237 razy
  • Średni wynik to 6 z 12
Statystyki odpowiedzi
Hint Odpowiedź % Poprawnych
0,44 km2 Watykan
98%
61,6 km2 San Marino
85%
1,95 km2 Monako
80%
120 km2 Liechtenstein
77%
316 km2 Malta
51%
21,3 km2 Nauru
42%
26 km2 Tuvalu
36%
181 km2 Wyspy Marshalla
23%
261 km2 St Kitts i Nevis
20%
298 km2 Malediwy
19%
29,5 km2 (Specjalny region Chin) Makau
18%
0,00056 km2 (Nieuznawane) Sealand
15%
Nie znaleziono quizów pasujących do podanych kryteriów
Rozkład punktacji
Procent ludzi z każdym wynikiem
Percentyl według liczby udzielonych odpowiedzi
Twoja historia wyników
Nie rozwiązałeś tego quizu